Language Quiz

Random Language Quiz

TH words without th sound Quiz Stats

 Plays Quiz not verified by Sporcle

Challenge
Share
Tweet
Embed
Score 0/15 Timer 06:00
0 Plays Today
Hint Answer % Correct
Composer LudwigBEETHOVEN
94.7%
Window on a boatPORTHOLE
78.9%
Judicial buildingCOURTHOUSE
73.7%
Keeper of billies, nannies, and kidsGOATHERD
73.7%
An honor bestowed by the monarchyKNIGHTHOOD
68.4%
Ledge or position of support to a climberFOOTHOLD
68.4%
Someone who gets angry easilyHOTHEAD
68.4%
Wild animal in the pig familyWARTHOG
63.2%
Hint Answer % Correct
Home to a colony of social insectsANTHILL
63.2%
TrivetPOTHOLDER
52.6%
Having insufficient staff or employeesSHORTHANDED
47.4%
With great speed or urgencyPOSTHASTE
36.8%
From the original source, directFIRSTHAND
36.8%
A songbird of the genus SittaNUTHATCH
21.1%
Joyful, frivolous, carefreeLIGHTHEARTED
10.5%

You're not logged in!

Compare scores with friends on all Sporcle quizzes.
Join for Free
OR
Log In

You Might Also Like...

Show Comments

Extras

Created Sep 9, 2015ReportNominate
Tags:sound

Top Quizzes Today


Score Distribution

Your Account Isn't Verified!

In order to create a playlist on Sporcle, you need to verify the email address you used during registration. Go to your Sporcle Settings to finish the process.

Report this User

Report this user for behavior that violates our Community Guidelines.

Details: